Kinh doanh bất động sản : Hướng tới sự phát triển bền vững
Bạn có thể nâng cao tầm kiến thức và hiểu biết thực tế thông qua những trường hợp thực tế bằng câu chuyện nhỏ hay những lời giải cho những vấn đề kinh tế gai góc của những người đã trải qua bao khó khăn mới rút ra được....
Guardado en:
| Autor principal: | |
|---|---|
| Formato: | Libro |
| Lenguaje: | Vietnamese |
| Publicado: |
H.
Thanh niên
2010
|
| Edición: | Tái bản lần thứ 1 |
| Materias: | |
| Etiquetas: |
Agregar Etiqueta
Sin Etiquetas, Sea el primero en etiquetar este registro!
|
| Thư viện lưu trữ: | Thư viện Trường Đại học Nam Cần Thơ |
|---|
| LEADER | 01163nam a22002057a 4500 | ||
|---|---|---|---|
| 001 | NCT_51720 | ||
| 008 | 180924b xxu||||| |||| 00| 0 vie d | ||
| 999 | |c 2473 |d 2473 | ||
| 020 | |c 42000 | ||
| 082 | 0 | 4 | |2 23rd ed. |a 333.332 |b Th107 |
| 100 | 1 | |a Đặng Đức Thành | |
| 245 | 1 | 0 | |a Kinh doanh bất động sản : |b Hướng tới sự phát triển bền vững |c Đặng Đức Thành |
| 250 | |a Tái bản lần thứ 1 | ||
| 260 | |a H. |b Thanh niên |c 2010 | ||
| 300 | |a 124 tr. |c 23cm | ||
| 520 | 3 | |a Bạn có thể nâng cao tầm kiến thức và hiểu biết thực tế thông qua những trường hợp thực tế bằng câu chuyện nhỏ hay những lời giải cho những vấn đề kinh tế gai góc của những người đã trải qua bao khó khăn mới rút ra được. | |
| 653 | |a Bất động sản | ||
| 942 | |2 ddc |c BK | ||
| 952 | |0 0 |1 0 |2 ddc |4 0 |6 333_332000000000000_TH107 |7 0 |9 14114 |a 000001 |b 000001 |d 2018-09-24 |o 333.332 Th107 |p MD.13441 |r 2018-09-24 |v 42000.00 |w 2018-09-24 |y BK | ||
| 980 | |a Thư viện Trường Đại học Nam Cần Thơ | ||